LEADER 01621nam 2200433Ka 450 001 9910699040703321 005 20091231102245.0 035 $a(CKB)5470000002399480 035 $a(OCoLC)495547359 035 $a(EXLCZ)995470000002399480 100 $a20091231d1994 ua 0 101 0 $aeng 135 $aurbn||||||||| 181 $ctxt$2rdacontent 182 $cc$2rdamedia 183 $acr$2rdacarrier 200 10$aCalorimetry measurements of energy value of some Alaskan fishes and squids$b[electronic resource] /$fby Michael A. Perez 210 1$aSeattle, WA. :$cU.S. Dept. of Commerce, National Oceanic and Atmospheric Administration, National Marine Fisheries Service,$d[1994] 215 $a1 online resource (41 unnumbered pages) $cillustrations, map 225 1 $aNOAA technical memorandum NMFS-AFSC ;$v32 300 $aTitle from title screen (viewed Dec. 31, 2009). 300 $a"February 1994." 320 $aIncludes bibliographical references (pages 17-18). 606 $aFishes$zAlaska$xComposition 606 $aSquids$zAlaska$xComposition 606 $aMarine mammals$xFood$zAlaska 606 $aFood$xCaloric content 615 0$aFishes$xComposition. 615 0$aSquids$xComposition. 615 0$aMarine mammals$xFood 615 0$aFood$xCaloric content. 700 $aPerez$b Michael A$01398654 712 02$aUnited States.$bNational Marine Fisheries Service. 801 0$bGPO 801 1$bGPO 906 $aBOOK 912 $a9910699040703321 996 $aCalorimetry measurements of energy value of some Alaskan fishes and squids$93523700 997 $aUNINA